| 000 | 01416cam a22002775a 4500 | ||
|---|---|---|---|
| 001 | 13950716 | ||
| 005 | 20160720135606.0 | ||
| 008 | 050503s2010 enk frb f001 0 eng d | ||
| 010 | _a 2005012925 | ||
| 020 | _a9780521133494 | ||
| 040 |
_aDLC _beng _cDLC _dDLC _dEG-ScBUE _dEG-ScBUE |
||
| 082 | 0 | 4 |
_a341 _bAUS _222 |
| 100 | 1 |
_aAust, Anthony. _915694 |
|
| 245 | 1 | 0 |
_aHandbook of international law / _cAnthony Aust. |
| 246 | 3 | _aInternational law | |
| 250 | _a2nd ed. | ||
| 260 |
_aCambridge : _bCambridge University Press, _c2010. |
||
| 300 |
_alxiii, 527 p. ; _c24 cm. |
||
| 500 | _aIndex : p. | ||
| 504 | _aIncludes bibliographical references. | ||
| 505 | 0 | _aInternational law -- States and recognition -- Territory -- Jurisdiction -- The law of treaties -- Diplomatic privileges and immunities -- State immunity -- Nationality, aliens and refugees -- International organisations -- The United Nations, including the use of force -- Human rights -- The law of armed conflict: (international humanitarian law) -- International criminal law -- Terrorism -- The law of the sea -- International environmental law -- International civil aviation -- Special regimes -- International economic law -- Succession of states -- State responsibility -- Settlement of disputes -- The European Union. | |
| 650 | 7 |
_aInternational law. _2BUEsh _99620 |
|
| 651 | _2BUEsh | ||
| 653 |
_bLLAAWW _cJuly2016 |
||
| 942 |
_2ddc _cBB |
||
| 999 |
_c14334 _d14334 |
||